000 00592nam a2200229Ia 4500
008 160803s9999 xx 000 0 und d
020 _a0 590067893
100 _aHoff, Syd
245 _aMrs. Brice's mice /
245 _cstory and pictures by Syd Hoff.
260 _aNew York :
260 _bScholastic Inc.
260 _c1988
300 _a32 pages :
300 _bcolor illustrations ;
300 _c22 cm.
440 _aAn Early I can read book.
500 _aNew York : Harper Collins Publishers, c1988.
650 _aMice --
650 _xFiction.
700 _a480
999 _c299476
_d299476